• 首页
  • 本馆介绍
  • 公告通知
  • 最新文献
  • 馆藏检索
  • 电子资源
  • 读者导购
  • 参考咨询
  • 我的图书馆
  • 登录
  • 详细信息显示
  • 放入我的书架
  • 预约/预借图书
  • 作者相关作品
  • 分类相关作品
  • 丛书相关作品
  • 出版社相关作品

书目信息

  • 表格格式
  • 工作单格式
  • 卡片格式
题名:
学前钢琴基础教程
    
 
作者: 马晓燕 , 于君华 , 李静 主编
分册:  
出版信息: 上海   复旦大学出版社  2016
页数: 265页
开本: 30cm
丛书名: 全国学前教育专业(新课程标准)“十三五”规划教材
单 册:
中图分类: G613.5
科图分类:
主题词: 钢琴--gang qin--奏法--学前教育--教材
电子资源:
ISBN: 978-7-309-12354-8
000 01371nam 2200301 45
001 012001005262
005 20131111154844.0
010    @a978-7-309-12354-8@dCNY39.00
099    @aCAL 012017003432
100    @a20170109d2016 em y0chiy50 ea
101 0  @achi
102    @aCN@b310000
105    @ag z 000yy
106    @ar
200 1  @a学前钢琴基础教程@Axue qian gang qin ji chu jiao cheng@f主编马晓燕,于君华
210    @a上海@c复旦大学出版社@d2016
215    @a265页@d30cm
225 2  @a全国学前教育专业(新课程标准)“十三五”规划教材@Aquan guo xue qian jiao yu zhuan ye ( xin ke cheng biao zhun ) “ shi san wu ” gui hua jiao cai
314    @a第二册主编马晓燕, 李静
330    @a本书分四部分内容:练习曲、复调曲、中外乐曲及幼儿弹唱曲。从基础开始至社会考级三级程度,144首作品。从认识钢琴、学习五线谱开始到掌握基本的钢琴弹奏技术,本书曲目丰富,题材、体裁广泛,内容循序渐进,作品简介清晰,弹奏提示明确。尤其儿歌弹唱部分,作品均选取自幼儿园教材并编配了恰当的伴奏,对学前教育专业的学生了解幼儿音乐、熟悉幼儿园教材有较大的帮助。
410  0 @12001 @a全国学前教育专业(新课程标准)“十三五”规划教材
606 0  @a钢琴@Agang qin@x奏法@x学前教育@j教材
690    @aG613.5@v5
701  0 @a马晓燕@Ama xiao yan@4主编
701  0 @a于君华@Ayu jun hua@4主编
701  0 @a李静@Ali jing@4主编
801    @b江苏凤凰@c20191020
905    @b1213123-6@dG613.5@e1006@f4
    
    学前钢琴基础教程/主编马晓燕,于君华.-上海:复旦大学出版社,2016
    265页;30cm.-(全国学前教育专业(新课程标准)“十三五”规划教材)
    
    
    ISBN 978-7-309-12354-8:CNY39.00
    本书分四部分内容:练习曲、复调曲、中外乐曲及幼儿弹唱曲。从基础开始至社会考级三级程度,144首作品。从认识钢琴、学习五线谱开始到掌握基本的钢琴弹奏技术,本书曲目丰富,题材、体裁广泛,内容循序渐进,作品简介清晰,弹奏提示明确。尤其儿歌弹唱部分,作品均选取自幼儿园教材并编配了恰当的伴奏,对学前教育专业的学生了解幼儿音乐、熟悉幼儿园教材有较大的帮助。
●
相关链接 在E读中查询图书 在五车中查询图书 在当当中查询图书 在豆瓣中查询图书


正题名:学前钢琴基础教程     索取号:G613.5/1006         预约/预借

序号 登录号 条形码 馆藏地/架位号 状态 备注
1 1213123   212131236   第一样本阅览室/ [索取号:G613.5/1006] 在馆    
2 1213124   212131245   教育系资料室/ [索取号:G613.5/1006] 在馆    
3 1213125   212131254   教育系资料室/ [索取号:G613.5/1006] 在馆    
4 1213126   212131263   第四借阅区/ [索取号:G613.5/1006] 在馆    
唐山师范学院图书馆 欢迎您!
大连网信软件有限公司© 版权所有